00687cam a22002053a 450000100060000000300060000600500170001200800410002904000150007004200070008505000070009210000380009924501690013726000290030650600300033551600200036565300250038583000290041085600420043919494PGUSA20140828083419.0061008s2006||||xxu|||||s|||||000 | eng d aPGUSAbeng adc 4aNA1 aPerkins, Thomas,cRev,d1842-190710aBell's Cathedrals :bThe Cathedral Church of Saint Albans : With an Account of the Fabric and a Short History of the Abbeyh[electronic resource] /cThomas, Perkins bProject Gutenberg,c2006 aPublic domain in the USA. aElectronic text aSt. Albans Cathedral 0aProject Gutenbergv1949440uhttp://www.gutenberg.org/ebooks/19494